[Event "Polanica Zdroj op-E 56th"]
[Site "Polanica Zdroj"]
[Date "2020.08.17"]
[Round "3"]
[White "Liskiewicz, Jakub"]
[Black "Jankowski, Igor"]
[Result "1-0"]
[WhiteElo "1468"]
[BlackElo "1606"]
[PlyCount "49"]
[EventDate "2020.08.15"]
[EventType "swiss"]
[EventRounds "9"]
[EventCountry "POL"]
[SourceTitle "CBM 198 Extra"]
[Source "ChessBase"]
[SourceDate "2020.11.30"]
[SourceVersion "1"]
[SourceVersionDate "2020.11.30"]
[SourceQuality "1"]

1. d4 b5 2. e3 Bb7 3. Nf3 a6 4. c4 bxc4 5. Bxc4 e6 6. 0-0 Nf6 7. Nc3 Be7 8. d5 exd5 9. Nxd5 0-0 10. e4 c6 11. Nxe7+ Qxe7 12. Qb3 d5 13. exd5 cxd5 14. Bd3 Nc6 15. Bg5 Ne5 16. Nxe5 Qxe5 17. Bxf6 gxf6 18. Qxb7 Rab8 19. Qd7 Qg5 20. b3 Rb4 21. Qf5 Qg7 22. Rae1 Kh8 23. f4 Rg8 24. Rf2 Qh6 25. Re3 1-0

[Event "Baltic Pearl op 15th"]
[Site "Lazy"]
[Date "2019.06.23"]
[Round "1"]
[White "Jankowski, Igor"]
[Black "Majocha, Piotr"]
[Result "1/2-1/2"]
[WhiteElo "1662"]
[BlackElo "2005"]
[PlyCount "83"]
[EventDate "2019.06.23"]
[EventType "swiss"]
[EventRounds "9"]
[EventCountry "POL"]
[SourceTitle "CBM 191 Extra"]
[Source "ChessBase"]
[SourceDate "2019.09.30"]
[SourceVersion "1"]
[SourceVersionDate "2019.09.30"]
[SourceQuality "1"]

1. b4 e5 2. Bb2 Bxb4 3. Bxe5 Nf6 4. Nf3 0-0 5. e3 d5 6. Be2 c5 7. Bb2 Nc6 8. 0-0 Bf5 9. d3 Re8 10. Nbd2 b5 11. Nb3 c4 12. Nbd4 Nxd4 13. Bxd4 a6 14. Ne5 Bd6 15. f4 Bc8 16. Qe1 Qc7 17. Qg3 Bc5 18. Rf3 Bxd4 19. exd4 Qb6 20. c3 Bg4 21. Re3 Bxe2 22. Rxe2 cxd3 23. Qxd3 Ne4 24. Rae1 Qc7 25. Re3 f6 26. Nf3 Qxf4 27. g3 Qc7 28. Nd2 Nd6 29. Rxe8+ Rxe8 30. Rxe8+ Nxe8 31. Qe3 Kf7 32. Nb3 Qe7 33. Qf3 Nc7 34. Nc5 Qe1+ 35. Kg2 Qd2+ 36. Kh3 Qxa2 37. Qf5 Qa5 38. Qd7+ Kg6 39. Qg4+ Kf7 40. Qd7+ Kg6 41. Qg4+ Kf7 42. Qd7+ 1/2-1/2

[Event "Bydgoszcz U18"]
[Site "Bydgoszcz"]
[Date "2018.02.15"]
[Round "8.3"]
[White "Jankowski, Igor"]
[Black "Musin, Oliwia"]
[Result "1-0"]
[WhiteElo "1439"]
[BlackElo "1253"]
[PlyCount "95"]
[EventDate "2018.02.12"]
[EventType "swiss"]
[EventRounds "9"]
[EventCountry "POL"]
[SourceTitle "EXT 2023"]
[Source "ChessBase"]
[SourceDate "2022.10.05"]
[SourceVersion "1"]
[SourceVersionDate "2022.10.05"]
[SourceQuality "1"]

1. e4 c6 2. d4 d5 3. e5 Bf5 4. h4 h6 5. g4 Bd7 6. Bd3 e6 7. Qf3 c5 8. c3 Nc6 9. Ne2 Qb6 10. Qe3 cxd4 11. cxd4 Bb4+ 12. Nbc3 Qc7 13. Bd2 a6 14. f4 Nge7 15. Rc1 Nc8 16. a3 Ba5 17. Kf1 Rb8 18. Kg2 Qd8 19. Rcf1 Qe7 20. f5 Qd8 21. fxe6 Bxe6 22. Bf5 N8e7 23. Bxe6 fxe6 24. Na4 Bxd2 25. Qxd2 b6 26. Qf4 Kd7 27. Qe3 Rf8 28. Rc1 Rf7 29. Ng3 Ng6 30. Rcf1 Qe7 31. h5 Nh8 32. Qd3 a5 33. Qb5 Kc7 34. Rc1 Qd7 35. Ne2 Rb7 36. Rc3 Rf8 37. Rhc1 Kb8 38. Qxc6 Qf7 39. Ng3 Qf2+ 40. Kh1 Qxd4 41. Qd6+ Ka7 42. Qxf8 Nf7 43. Rc8 Ka6 44. Ra8+ Ra7 45. Rxa7+ Kxa7 46. Rc7+ Ka6 47. Qa8+ Kb5 48. Nc3+ 1-0

[Event "Bydgoszcz U18"]
[Site "Bydgoszcz"]
[Date "2018.02.14"]
[Round "5.5"]
[White "Kutowski, Marcel"]
[Black "Jankowski, Igor"]
[Result "0-1"]
[WhiteElo "1211"]
[BlackElo "1439"]
[PlyCount "68"]
[EventDate "2018.02.12"]
[EventType "swiss"]
[EventRounds "9"]
[EventCountry "POL"]
[SourceTitle "EXT 2023"]
[Source "ChessBase"]
[SourceDate "2022.10.05"]
[SourceVersion "1"]
[SourceVersionDate "2022.10.05"]
[SourceQuality "1"]

1. e4 e6 2. d4 d5 3. e5 c5 4. c3 Nc6 5. Nf3 Bd7 6. a3 Rc8 7. b4 cxd4 8. cxd4 a6 9. Bb2 Na7 10. Nc3 Ne7 11. Rc1 Nec6 12. Na4 Nb8 13. Nc5 Bxc5 14. bxc5 b6 15. cxb6 Qxb6 16. Bc3 Nb5 17. Bxb5 Bxb5 18. Bb4 Rxc1 19. Qxc1 Nc6 20. Qc5 Qd8 21. Qd6 Qc8 22. Bc5 Qb7 23. Bb4 Bc4 24. Kd2 a5 25. Bc3 Ne7 26. Qc5 0-0 27. Qxa5 Nc6 28. Qc5 Rc8 29. Qd6 Qb3 30. Ra1 Ba6 31. Ne1 Qc4 32. Rb1 Nxd4 33. Rb8 Qxc3+ 34. Kd1 Qc1# 0-1

[Event "POL Olympiad U14"]
[Site "Drzonkow"]
[Date "2017.04.03"]
[Round "2"]
[White "Jankowski, Igor"]
[Black "Grochol, Kamil"]
[Result "0-1"]
[WhiteElo "1247"]
[BlackElo "1675"]
[PlyCount "64"]
[EventDate "2017.04.02"]
[EventType "swiss"]
[EventRounds "9"]
[EventCountry "POL"]
[SourceTitle "EXT 2020"]
[Source "ChessBase"]
[SourceDate "2019.10.17"]
[SourceVersion "1"]
[SourceVersionDate "2019.10.17"]
[SourceQuality "1"]

1. d4 d5 2. c4 e6 3. Nc3 Nf6 4. Bg5 Nbd7 5. cxd5 exd5 6. Nxd5 Nxd5 7. Bd2 N5f6 8. Qb3 c6 9. a3 Be7 10. h4 Qb6 11. Qc2 Qxd4 12. Bc3 Qe4 13. Qd2 Nb6 14. Rd1 Be6 15. f3 Qa4 16. e4 Rd8 17. Bd3 Bc4 18. Qe3 Rxd3 19. Rxd3 Bxd3 20. Qxd3 Qc4 21. Qc2 Na4 22. Ne2 Nxc3 23. Nxc3 0-0 24. g4 Rd8 25. Kf2 Qd3 26. Qb3 Qd2+ 27. Ne2 Bc5+ 28. Kf1 Rd3 29. Qxd3 Qxd3 30. Rh2 Qd1+ 31. Kg2 Qxe2+ 32. Kh3 Qxf3# 0-1